000 00763nam a2200229Ia 4500
001 8828
003 GE_BSU
008 181216s||||||||xx |||||||||||||| ||und||
040 _cGE_BSU
080 _a821.353.1–2
100 _aკაკაბაძე,პოლიკარპე
245 _aმეფე ბაგრატ მეშვიდე
245 _bპიესა
245 _cრედ. ბესარიონ ჟღენტი.მხატვ. ვაჟა მელიქიშვილი
260 _aთბილისი
260 _bხელოვნება
260 _c1969
300 _a165გვ.20სმ.
653 _aმეფე ბაგრატ მეშვიდე
653 _aპიესა
942 _cBK
999 _c42136
_d42136